00629nam a2200193Ia 450000500170000000800410001704000190005804100120007708200150008910000150010424500680011926000460018730000300023365000400026385000100030394200070031399900150032095201000033520220726104859.0131103s9999 xx 000 0 und d aLoreto College aEnglish a526.9bBAG aBagchi, K. aDiagnostic survey of rarh bengalcK. Bagchi and K. N. Mukherjee aCalcuttabDepartment of Geographyc[1980] a74 p.b ill., maps,tables aMathematical Geographical Servey -  aLCLIB cBK c661d51140 00102ddc4070aMAINbMAINd2013-11-04l0o526.9 BAG 28898pB669r2013-11-04w2013-11-04yBKf